00559nam a2200217Ia 4500003000900000005001700009008004100026040001300067040001300080041000800093245005200101250000900153260001800162260000900180300000800189300001000197490000700207600009700214700002100311700000900332IT-RoPAU20220918175246.0120407s9999 xx 000 0 und d aIT-RoPAU cIT-RoPAU aita aStoria delle scienze. Diretta da Evandro Agazzi aRoma aCittà Nuova c1984 bill c24 cm v21 a"1° vol. Dal mondo antico al secolo XVIII. 2° vol. Dal secolo XIX al mondo contemporaneo." a Evandro Agazzi  cdir.